| 000 | 00472nam a2200193Ia 4500 | ||
|---|---|---|---|
| 001 | 40781 | ||
| 005 | 20240114003353.0 | ||
| 007 | ta | ||
| 008 | 080121s g b000 u hin u | ||
| 040 | _aCotton College,Assam | ||
| 041 | _ahin | ||
| 100 | _aSingha, A.N.. | ||
| 245 | 0 |
_aVidyapati Yug Aur Sahitya / _cA.N.Singha. _hTextual Documents |
|
| 260 |
_aSl : _bSn , _c1968. |
||
| 653 | _aHindi | ||
| 942 |
_2ddc _cBK |
||
| 999 |
_c40751 _d40751 |
||